Double the Words, Double the Fun! Quiz Stats

 Plays Quiz Updated Jul 20, 2014

Support Sporcle.
Go Orange.
Score 0/30 Timer 06:00
2 Plays Today
% Correct
Good
94.5%
Wild
94.4%
Boo
94%
Coming
93.7%
Bye
92.9%
Red
92.8%
Never
92.2%
Deal
91.8%
Man
91.7%
Fish
91.5%
Want
90.8%
You
90%
Kramer
88.8%
Be
88.4%
Nine
88%
% Correct
Time
87.7%
Gabba
87.4%
Sunday
87.4%
Poor
85.7%
Another
85.5%
Step
85.3%
Tie
84%
Run
83.7%
Bad
83.1%
Have
82.7%
Love
82.3%
Go
81.7%
Me
80.3%
Hart
76.3%
Simon
74.3%

You're not logged in!

Compare scores with friends on all Sporcle quizzes.
OR
Log In

From the Vault

Strange Celebrity Pets

by Puzzgal

We'd love it if Jennifer Lawrence showed up on the red carpet with a tiger in tow.
Remove Ads.
Support Sporcle.
Get the best of Sporcle when you Go Orange. This ad-free experience offers more features, more stats, and more fun while also helping to support Sporcle. Thank you for becoming a member.

Show Comments

Extras

Top Quizzes Today


Score Distribution

Your Account Isn't Verified!

In order to create a playlist on Sporcle, you need to verify the email address you used during registration. Go to your Sporcle Settings to finish the process.

Report this User

Report this user for behavior that violates our Community Guidelines.

Details: